Campbell`s Operative Orthopaedics Vol - 4 / (Record no. 5339)

MARC details
000 -LEADER
fixed length control field 00544pam a2200205 a 4500
020 ## - INTERNATIONAL STANDARD BOOK NUMBER
Terms of availability
040 ## - CATALOGING SOURCE
Original cataloging agency Medical College Lib.
041 ## - LANGUAGE CODE
Language code of text/sound track or separate title ENG
Language code of original ENG
082 ## - DEWEY DECIMAL CLASSIFICATION NUMBER
Classification number 617.3
Item number CAM
100 ## - MAIN ENTRY--PERSONAL NAME
Personal name Campbell, .
245 ## - TITLE STATEMENT
Title Campbell`s Operative Orthopaedics Vol - 4 /
Statement of responsibility, etc.
Medium Textual Documents
250 ## - EDITION STATEMENT
Edition statement 5th /
Remainder of edition statement .
260 ## - PUBLICATION, DISTRIBUTION, ETC.
Place of publication, distribution, etc. :
Name of publisher, distributor, etc. Mosby Year Book ,
Date of publication, distribution, etc. 1992.
300 ## - PHYSICAL DESCRIPTION
Extent 79 ;
Dimensions
365 ## - TRADE PRICE
Price type code 1738=00
653 ## - INDEX TERM--UNCONTROLLED
Uncontrolled term Orthopaedis
-- Orthopaedis
-- Medical Science
930 ## - EQUIVALENCE OR CROSS-REFERENCE-UNIFORM TITLE HEADING [LOCAL, CANADA]
Uniform title 5340
Holdings
Withdrawn status Lost status Damaged status Not for loan Home library Current library Date acquired Total Checkouts Full call number Barcode Date last seen Copy number Price effective from Koha item type
        Medical College, Pune Medical College, Pune 01/01/1900   617.3 CAM MCP-3464 06/02/2023 1 06/02/2023 Book